000 00715nam a2200217 i 4500
001 106105
003 ES-MaACL
005 20250802063112.0
007 t|
008 060927s1955 sp ||||1| spa d
080 _a929 Juan (460.18) I
080 _a946.018"1379/90"
100 1 _aSuárez Fernández, Luis,
_d1924-2024
_9240112
245 1 0 _aJuan I, rey de Castilla (1379-1390) /
_cLuis Suárez Fernández.
260 _aMadrid :
_bRevista de Occidente,
_c[1955]
300 _a173 p. ;
_c18 cm.
600 1 4 _aJuan
_bI
_cRey de Castilla.
_967121
651 4 _aEspaña-
_xHistoria-
_y1379-1390, Juan I.
_98220
852 _aES-MaACL
_jAND-788
_z- Biblioteca Juan Andrade.
999 _c106105
_d106105